00600nam a2200157Ia 4500001001000000003000500010008004100015010001100056040000900067100004000076245019200116260002700308300001000335502004500345650005200390Para_3182CHAP220125s1987 xx 000 0 und d a198773 cCHAP aLópez Arellano, Maria del Socorro aToxicidad y DL50 de siete insecticidas de diferentes grupos toxicológicos en gusano soldado (Pseudaletia unipucta Haw. (Lepidóptera :b Noctuidae /c Ma. del Socorro López Arellano aMéxico :b El autor a64 h. aTesis (Biológo) -- UNAM. ENEP Iztacala aInsecticidas x Toxicidad Pseudaletia unipucta